Statistics for Languages ​​used in each state in floptropica-Title

Click here to take the quiz!

General Stats

  • This quiz has been taken 10 times
  • The average score is 57 of 132

Answer Stats

QuestionTileSelect% Correct
CupcakkiaDonnarianNo
90%
CupcakkiaPortugueseNo
90%
CupcakkiaSummerianNo
90%
CupcakkiaTamilNo
90%
CupcakkiaDaBoyzianNo
80%
CupcakkiaEnglishYes
80%
CupcakkiaKhøreanNo
70%
Khøre rocksKhøreanYes
70%
CupcakkiaNickianNo
70%
Khøre rocksChineseNo
60%
CupcakkiaCvmbertianNo
60%
Cvmberty IslandsCvmbertianYes
60%
JiafeiaDaBoyzianNo
60%
C.V.M.DaBoyzianNo
60%
Khøre rocksDaBoyzianNo
60%
FloptopiaDaBoyzianNo
60%
JiafeiaDonnarianNo
60%
Khøre rocksDonnarianNo
60%
JiafeiaDutchNo
60%
FloptopiaFlopaYes
60%
New BarbadosJapaneseNo
60%
Khøre rocksKoreaNo
60%
FloptokiaLaoNo
60%
C.V.M.MalayNo
60%
JiafeiaPortugueseNo
60%
Khøre rocksPortugueseNo
60%
Khøre rocksSpanishNo
60%
JiafeiaSummerianNo
60%
Khøre rocksSummerianNo
60%
Cvmberty IslandsChineseNo
50%
SummeriaChineseNo
50%
FloptokiaCvmbertianNo
50%
Khøre rocksCvmbertianNo
50%
PotaxieneCvmbertianNo
50%
C.V.M.CvmbertianYes
50%
SummeriaDaBoyzianNo
50%
FloptokiaDaBoyzianNo
50%
PotaxieneDaBoyzianNo
50%
New BahamasDonnarianNo
50%
New BarbadosDonnarianNo
50%
Cvmberty IslandsDonnarianNo
50%
FloptokiaDonnarianNo
50%
Khøre rocksEnglishNo
50%
Khøre rocksFlopaNo
50%
Cvmberty IslandsKhmerNo
50%
FloptokiaKhøreanNo
50%
C.V.M.KhøreanNo
50%
New BarbadosKhøreanNo
50%
FloptopiaKhøreanNo
50%
JiafeiaKhøreanNo
50%
Khøre rocksNickianNo
50%
New BahamasPortugueseNo
50%
SummeriaPortugueseNo
50%
FloptokiaPortugueseNo
50%
Cvmberty IslandsPortugueseNo
50%
SummeriaSpanishNo
50%
SummeriaSummerianYes
50%
New BahamasSummerianNo
50%
FloptopiaVietnameseNo
50%
New BahamasChineseNo
40%
JiafeiaChineseYes
40%
PotaxieneChineseNo
40%
FloptopiaCvmbertianNo
40%
New BarbadosCvmbertianNo
40%
Cvmberty IslandsDaBoyzianNo
40%
New BahamasDaBoyzianNo
40%
SummeriaEnglishNo
40%
JiafeiaEnglishYes
40%
New BahamasEnglishYes
40%
FloptopiaEnglishYes
40%
SummeriaFlopaNo
40%
New BarbadosFlopaNo
40%
JiafeiaFlopaYes
40%
C.V.M.FlopaYes
40%
CupcakkiaFlopaYes
40%
SummeriaHindiNo
40%
SummeriaKhøreanNo
40%
Cvmberty IslandsKhøreanNo
40%
New BahamasKhøreanNo
40%
PotaxieneKhøreanNo
40%
New BahamasNickianNo
40%
Cvmberty IslandsNickianNo
40%
SummeriaNickianNo
40%
FloptokiaNickianNo
40%
New BarbadosNickianYes
40%
CupcakkiaSpanishYes
40%
Cvmberty IslandsSpanishNo
40%
FloptokiaSummerianNo
40%
New BarbadosSummerianNo
40%
PotaxieneSummerianNo
40%
New BahamasThaiNo
40%
CupcakkiaChineseYes
30%
SummeriaCvmbertianNo
30%
New BahamasCvmbertianNo
30%
Cvmberty IslandsEnglishNo
30%
PotaxieneEnglishYes
30%
New BarbadosEnglishYes
30%
C.V.M.EnglishYes
30%
FloptokiaEnglishYes
30%
PotaxieneFlopaYes
30%
Cvmberty IslandsFlopaNo
30%
FloptopiaNickianYes
30%
PotaxieneNickianNo
30%
New BarbadosPortugueseYes
30%
PotaxienePortugueseYes
30%
New BahamasSpanishYes
30%
C.V.M.SpanishYes
30%
PotaxieneThaiNo
30%
FloptopiaChineseYes
20%
C.V.M.ChineseYes
20%
New BarbadosChineseYes
20%
FloptokiaChineseYes
20%
JiafeiaCvmbertianYes
20%
New BarbadosDaBoyzianYes
20%
PotaxieneDonnarianYes
20%
SummeriaDonnarianYes
20%
FloptopiaDonnarianYes
20%
New BahamasFlopaYes
20%
FloptokiaFlopaNo
20%
C.V.M.NickianYes
20%
JiafeiaNickianYes
20%
FloptopiaPortugueseYes
20%
PotaxieneSpanishYes
20%
New BarbadosSpanishYes
20%
FloptokiaSpanishYes
20%
FloptopiaSpanishYes
20%
JiafeiaSpanishYes
20%
FloptopiaSummerianYes
20%
Cvmberty IslandsSummerianYes
20%
C.V.M.DonnarianYes
10%
C.V.M.PortugueseYes
10%
C.V.M.SummerianYes
10%

Score Distribution

Percentile by Number Answered

Percent of People with Each Score

Your Score History

You have not taken this quiz